000 00454nam a2200181Ia 4500
005 20240823033816.0
008 240823s9999||||xx |||||||||||||| ||und||
041 _aENGLISH
082 _A621.3815 P2
100 _aSanjeev Gupta
245 0 _aElectronic Devices and Circuits
250 _a2nd
260 _c2002
_bDhanpat Rai Publishing Company (P
500 _aYES
650 _aElectronic Circuits
_bElectronics
942 _cBK
999 _c196704
_d196704